Política educativa y ética: fines y medios /

Gespeichert in:
Bibliographische Detailangaben
1. Verfasser: Revilla Madrid, Ingrid
Format: Text
Tags: Tag hinzufügen
Keine Tags, Fügen Sie den ersten Tag hinzu!

MARC

LEADER 00000 a a2200000 04500
001 46725
003
040
100 |a Revilla Madrid, Ingrid  
245 |a Política educativa y ética:   |b fines y medios /  |c Ingrid Revilla Madrid  
773 |g número35 ( , 2005), páginas 11-30  
999 |c 30428  |d 30428